<?xml version="1.0" encoding="UTF-8"?>
<record
    xmlns:xsi="http://www.w3.org/2001/XMLSchema-instance"
    xsi:schemaLocation="http://www.loc.gov/MARC21/slim http://www.loc.gov/standards/marcxml/schema/MARC21slim.xsd"
    xmlns="http://www.loc.gov/MARC21/slim">

  <leader>01375    a2200181   4500</leader>
  <controlfield tag="003">Nust</controlfield>
  <controlfield tag="005">20221025161002.0</controlfield>
  <datafield tag="020" ind1=" " ind2=" ">
    <subfield code="a">817319162X</subfield>
  </datafield>
  <datafield tag="040" ind1=" " ind2=" ">
    <subfield code="c">Nust</subfield>
  </datafield>
  <datafield tag="082" ind1=" " ind2=" ">
    <subfield code="a">621.3,GHO</subfield>
  </datafield>
  <datafield tag="100" ind1=" " ind2=" ">
    <subfield code="a">S.N.Ghosh</subfield>
    <subfield code="9">13251</subfield>
  </datafield>
  <datafield tag="245" ind1=" " ind2=" ">
    <subfield code="a">Electromagnetic theory &amp; wave propagation /</subfield>
    <subfield code="c">S. N. Ghosh</subfield>
  </datafield>
  <datafield tag="260" ind1=" " ind2=" ">
    <subfield code="a">London</subfield>
    <subfield code="b">Narosa publishing house </subfield>
    <subfield code="c">1998</subfield>
  </datafield>
  <datafield tag="300" ind1=" " ind2=" ">
    <subfield code="a">258p</subfield>
  </datafield>
  <datafield tag="505" ind1=" " ind2=" ">
    <subfield code="a">Maxwell&#x2019;s Field Equation and Practical Demonstration of Electromagnetic Waves (Page-1), Propagations of E.M. Waves Through Insulator and Conductor (Page-19), E.M.Energy Flow and Boundary Condition (Page-25), Solution of Electromagnetic Wave Equation (Page-35), Units of Electromagnetic Quantities (Page-42), Waveguides , Fiber Optic and Optical Communication (Page-53), ground Wave Propagation (Page-81), Propagation of LF,VLF and ELF Wave (Page-93), Propagation Through Troposphere (Page-108), Ionosphere Work Up to World War ii and Rocket and Satellite &#x2013; Borne Lonospheric  Experiments (Page-120), Incoherent Scatter Radar and Ionosphere (page-144)Trapped Radiation in a Dipole Magnetic Field &#x2013; Van Allen Radiation Belt (Page-169), Whistler Propagation (Page-188), MHD Waves and MHD Generators (Page-198), Satellite Communication (Page-207), Propagation of Microwaves and Millimeter Waves (Page-221). </subfield>
  </datafield>
  <datafield tag="650" ind1=" " ind2=" ">
    <subfield code="a">Electromagnetic theory &amp; wave propagation</subfield>
    <subfield code="9">101382</subfield>
  </datafield>
  <datafield tag="942" ind1=" " ind2=" ">
    <subfield code="2">ddc</subfield>
    <subfield code="c">BK</subfield>
  </datafield>
  <datafield tag="999" ind1=" " ind2=" ">
    <subfield code="c">190537</subfield>
    <subfield code="d">190537</subfield>
  </datafield>
  <datafield tag="952" ind1=" " ind2=" ">
    <subfield code="0">0</subfield>
    <subfield code="1">0</subfield>
    <subfield code="2">ddc</subfield>
    <subfield code="4">0</subfield>
    <subfield code="7">0</subfield>
    <subfield code="a">MCS</subfield>
    <subfield code="b">MCS</subfield>
    <subfield code="c">GEN</subfield>
    <subfield code="d">2016-12-12</subfield>
    <subfield code="o">621.3,GHO</subfield>
    <subfield code="p">MCS28205</subfield>
    <subfield code="r">2016-12-08</subfield>
    <subfield code="w">2016-12-12</subfield>
    <subfield code="y">BK</subfield>
    <subfield code="z">Almirah No.28, Shelf No.2</subfield>
  </datafield>
</record>
